Géographie par lettre - L - Statistiques

Statistiques générales
  • Ce quiz a été pris 214 fois
  • Le résultat moyen est 17 sur 20
Statistiques - réponses
Questions Réponses % Correct
Quel autre pays balte a pour capitale Riga ? Lettonie
98%
Quelle ville californienne est appelée la "Cité des Anges" ? Los Angeles
98%
Quelle est la capitale du Pérou ? Lima
97%
Quel pays asiatique a pour capitale Vientiane ? Laos
96%
Quelle ville américaine est célèbre pour ses casinos ? Las Vegas
96%
Quel pays est le plus méridional des pays Baltes ? Lituanie
96%
Quel pays européen se situe au Nord de la Lorraine ? Luxembourg
96%
Quelle est la capitale de l'Egypte ? Le Caire
95%
Quel pays nord-africain a pour frontières l'Egypte, la Tunisie, le Soudan, le Tchad, le Niger et l'Algérie ? Libye
94%
Quel pays est entièrement enclavé dans l'Afrique du Sud ? Lésotho
93%
Quelle ville anglaise est le berceau des Beatles ? Liverpool
93%
Quel pays est enclavé entre l'Autriche et la Suisse ? Liechtenstein
92%
Quelle ville française possède une agglomération s'étalant jusqu'en Belgique ? Lille
92%
Quelle ville était autrefois appelée Lugdunum ? Lyon
90%
Dans quelle pays est né Mika ? Liban
85%
Quel pays africain est le premier à avoir connu un processus de décolonisation ? Libéria
78%
Dans quelle ville néerlandaise se situe le Cour Pénale Internationale ? La Haye
75%
Quelle est la capitale de l'Angola ? Luanda
58%
Quelle est la capitale de la Zambie ? Lusaka
43%
Quelle fleuve de Sibérie a donné son nom au principal révolutionnaire bolchevike ? Léna
22%
Aucun quiz correspondant
Distribution des résultats
% des personnes avec chaque résultat
Percentile par nombre de réponses
Votre historique - résultats
Vous n’avez pas pris ce quiz